Online Public Access Catalogue

Contexts of Nursing (Record no. 13098)

MARC details
000 -LEADER
fixed length control field 00404nam a22001577a 4500
020 ## - INTERNATIONAL STANDARD BOOK NUMBER
International Standard Book Number 9780729541527
082 ## - DEWEY DECIMAL CLASSIFICATION NUMBER
Classification number 610.730994
Author Mark JOH
100 ## - MAIN ENTRY--PERSONAL NAME
Author Name John Daly
245 ## - TITLE STATEMENT
Title Contexts of Nursing
250 ## - EDITION STATEMENT
Edition statement 4th
260 ## - PUBLICATION, DISTRIBUTION, ETC.
Place of publication, distribution, etc. China
Name of publisher, distributor, etc. Churchill Livingstone
Date of publication, distribution, etc. 2014
300 ## - PHYSICAL DESCRIPTION
No of Pages 412 p
Dimensions 25 cm
504 ## - BIBLIOGRAPHY, ETC. NOTE
Bibliography, Index, etc. note Include Index
650 ## - SUBJECT ADDED ENTRY--TOPICAL TERM
Subject Book Bank, Nursing
Keywords Presenting Nursing
-- Heroines
-- IMDC
942 ## - ADDED ENTRY ELEMENTS (KOHA)
Source of classification or shelving scheme
Koha item type Books
952 ## - LOCATION AND ITEM INFORMATION (KOHA)
-- 2023-03-09
Holdings
Item status Home library Current library Shelving location Date acquired Source of acquisition Total Checkouts Full call number Barcode Date last seen Koha item type
  Islamabad Medical and Dental College Islamabad Medical and Dental College Islamabad Medical and Dental College 09/03/2023 Donated By Nursing Department   610.730994 JOH G-858 09/03/2023 Books

Copyright @ IMDC Library
Islamabad Medical and Dental College
Bhara Kahu, Islamabad

  Contact the Librarian, IMDC
  Email:: library@imdcollege.edu.pk

  OPAC Customized by
  Mazhar Hussain,
  Librarian:
  Islamabad Medical and Dental College
  Email:: library@imdcollege.edu.pk